zpět

Detail výsledku týmu

MaxWilliam, Znojmo

Datum a čas kvízu

22 Celkem bodů Celkový počet nahraných bodů na tomto kvízu bez doplňovacích otázek.
5. Pořadí na kvízu Konečné umístění týmu na tomto kvízu.

Zaznamenané odpovědi

# Otázka Odpověď Body Výsledky
1. Pouze jediný československý pr... 1
2. Policie doporučila obvinit pre... 0
3. Nehmotné dědictví UNESCO bylo... 0
4. Škoda Auto vyhrála podeváté za... 0
5. Nejdříve David Limberský, poté... 1
6. Čertů se v kultuře, zeměpisnýc... 0
7. Napište název pohádky z roku 2... 1
8. To čert na koze jel, a táta re... 1
9. Jak se jmenuje osada, nacházej... 0
10. "U nás ochutnat znamená ___!"... 1